000 00967nam a2200289Ia 4500
001 Para_1071
003 CHAP
008 220125s1996 xx 000 0 und d
010 _a199815
040 _cCHAP
090 _aPA TESIS 1037
100 _aLópez Buenfil, Jose Abel
_967722
245 _aEscamas (Homoptera :
_b Coccocidea) prresentes en el cultivo de naranjo Citrus sinensis (L.) en el municipio de Escarcega, Campeche /
_c por Jose Abel López Buenfil
260 _aChapingo, Méx. :
_b El autor
300 _a72 h.
502 _aTesis (Ing. Agr. Esp. en Parasitología Agrícola), UACh. Depto. Parasitología
650 _aHomopteros
_956067
650 _aNaranja
_x plagas
_980182
710 _aUACh. Departamento Parasitología Agrícola
_9164025
901 _aPA TESIS 1037
902 _aA
905 _a0000001996 a 0000000000 00
910 _a1996
942 _cPARA
942 _cPARA
_d1
999 _c199815
_d199815